KOHA-Header-6

Social Psychology (Record no. 12098)

000 -LEADER
fixed length control field 00313nam a22001457a 4500
020 ## - INTERNATIONAL STANDARD BOOK NUMBER
ISBN 978-93-325-8611-6
082 ## - DEWEY DECIMAL CLASSIFICATION NUMBER
Classification number 302
100 ## - MAIN ENTRY--AUTHOR NAME
Personal name Robert A .Baron
245 ## - TITLE STATEMENT
Title Social Psychology
250 ## - EDITION STATEMENT
Edition statement 14th edition
260 ## - PUBLICATION, DISTRIBUTION, ETC. (IMPRINT)
Place of publication India
Name of publisher Pearson
Year of publication 2018
300 ## - PHYSICAL DESCRIPTION
Number of Pages 570
650 ## - SUBJECT ADDED ENTRY--TOPICAL TERM
Topical Term Psychology
942 ## - ADDED ENTRY ELEMENTS (KOHA)
Koha item type Books
Holdings
Withdrawn status Lost status Collection code Permanent Location Current Location Shelving location Date acquired Full call number Accession Number Koha item type
    Psychology MAJU MAJU Shelf No.A35 2019-10-29 302 9393 Psychology
    Psychology MAJU MAJU Shelf No.A35 2019-10-31 302 9434 Psychology

Powered by Koha